00421nam a2200121Ia 450000500170000000800410001708200150005810000120007324500830008526000490016830000130021750000690023020250528014613.0240331s9999 xx 000 0 und d a303.6bBIN aHool, R 0aBindunu thal ruka :bjanavargika arbhudaya gana yapanaye janathawage athdakeem aNarahenpitiyabSociety of Sociologistsc1993 a264 p ., aThe ethnic crisis : people's experiences in the education system